Artists by Pictures of Artwork 4 - Statistics

General Stats
  • This quiz has been taken 461 times
  • The average score is 5 of 20
Answer Stats
Picture Answer % Correct
Andy Warhol
90%
Jackson Pollock
78%
Grant Wood
47%
Henri de Toulouse-Lautrec
44%
René Magritte
38%
M.C. Escher
35%
Pieter Bruegel
26%
William Blake
22%
Diego Velázquez
20%
J.M.W. Turner
20%
Raphael
20%
Mary Cassatt
19%
Gustav Courbet
13%
Yayoi Kusama
12%
Joan Miró
10%
Alfred Sisley
6%
Georges Braque
5%
Robert Smithson
5%
Agnes Martin
3%
Max Ernst
2%
No matching quizzes found
Score Distribution
Percent of People with Each Score
Percentile by Number Answered
Your Score History
You have not taken this quiz